000 00473nam a2200181Ia 4500
008 090124s9999 xx 000 0 und d
082 _b114044
100 _aथत्ते यदुनाथ
245 _a वानवळा
250 _a1
260 _c1965
300 _a31
600 _aथत्ते यदुनाथ
630 _a वानवळा
700 _aथत्ते यदुनाथ
730 _a वानवळा
942 _cBOOK
999 _c160135
_d160135